The modern history of Jordan

Αποθηκεύτηκε σε:
Λεπτομέρειες βιβλιογραφικής εγγραφής
Κύριος συγγραφέας: Salibi, Kamal
Μορφή: Βιβλίο
Γλώσσα:English
Δημοσίευση: London : I.B. Tauris, 1993
Θέματα:
Ετικέτες: Προσθήκη ετικέτας
Δεν υπάρχουν, Καταχωρήστε ετικέτα πρώτοι!

MARC

LEADER 00000nam a2200000 i 4500
001 1/26248
008 020809s1993 eng d
020 |a 1-85043-610-X 
035 |l 10068218 
040 |a GR-MY-UA  |b gre  |e aacr 
041 0 |a eng 
082 0 |a 956.95044 
100 0 |a Salibi, Kamal. 
245 1 4 |a The modern history of Jordan /  |c Kamal Salibi 
260 |a London :   |b I.B. Tauris,   |c 1993 
300 |a 298 p. 
651 0 |a Jordan  |x History  |y 20th century. 
852 |a INST  |b RHODES  |e 20020809  |h 956.95044 SAL  |p 005400016275  |q 005400016275  |t BK  |y 0 
901 |a BIBL4-2002-2 
909 |a Ρ  |b 102170 
922 |a 4ΕΛΗ  |b 200205  |c ΚΠΣ/124 
970 |a ΚΟΥΛΑΚΙΟΤΗ  |b ΛΙΤΣΑ  |z 2002/08/22